00737nam a2200241Ia 4500008004000000020001800040041000800058082001500066100002800081245005500109260002800164300001300192650000900205650000900214650001100223650001000234650001000244650001600254690002300270906001100293999001900304952017200323210210b2018 xxu||||| |||| 00| 0 eng d a9780241300657 aeng a158.2 TALS aTALEB (Nassim Nicholas) aSkin in the game: hidden asymmetries in daily life aUKbPenguin Booksc2018 axiii,279 aSkin alife ahidden agame: adaily aasymmetries aApplied Psychology a073136 c122986d122986 001040708PsychologyaALbALcPsychologyd2021-02-17eNavakarnataka Publication Pvt Ltd Mangaloreg699.00l0o158.2 TALSp073136r2021-02-17 00:00:00w2021-02-17yBK